000
00334nam a2200121 a 4500
005
20141022142002.0
008
080930s19uu xx 00 eng d
050
_a
AVM
245
_a
The stanford video guide for financial statements.
650
_a
DVD.
650
_a
The stanford video guide for financial statements.
942
_c
AVM
999
_c
276329
_d
276329